Guess the Lyrics #46 - Statistics

General Stats
  • This quiz has been taken 1,623 times
    998 since last reset
  • The average score is 208 of 412
Answer Stats
Lyrics % Correct
I
99%
A
96%
a
96%
You
92%
you
92%
the
90%
me
82%
me,
82%
me)
82%
and
77%
your
75%
is
74%
love
74%
It
73%
to
72%
in
69%
In
69%
who
69%
no
68%
(No)
68%
No
68%
my
66%
(My
66%
So
61%
of
59%
you're
59%
that
58%
That
58%
can
57%
then
56%
this,
56%
this
56%
This
56%
for
54%
I'm
54%
not
51%
there
50%
don't
49%
never
48%
ever
47%
like
45%
Like
45%
from
44%
take
44%
Take
44%
want
43%
But
41%
was
40%
Was
40%
at
39%
now
38%
Now
38%
away
37%
(Away
37%
Away
37%
gonna
37%
just
35%
oh
34%
up
34%
look
32%
part
31%
down
29%
out
28%
won't
27%
Yeah,
25%
yeah,
25%
off,
22%
break
21%
always
20%
let
20%
soul
20%
soul)
20%
wanna
20%
nothing
18%
put
17%
really
16%
Find
15%
Part of Me - Katy Perry
15%
took
15%
everything
14%
mean
14%
Days
13%
again
12%
drive
12%
keep
12%
sticks
12%
stones
12%
Throw
11%
throw
11%
light,
10%
mouth
8%
phone
8%
poison
7%
watch
7%
bags
6%
bombs
6%
Pack
6%
spit
6%
blows
5%
chewed
5%
fade
5%
shadow
5%
whoa
5%
anyway
4%
dancing
4%
deep,
4%
fell
4%
flame
4%
ring
4%
cheap
3%
diamond
3%
drained
3%
drown
3%
except
3%
fact
3%
firework,
3%
glowing,
3%
ripped
3%
seams
3%
sparkling
3%
tearing
2%
No matching quizzes found
Score Distribution
Percent of People with Each Score
Percentile by Number Answered
Your Score History
You have not taken this quiz since the last reset